| 000 | 01510 a2200277 4500 | ||
|---|---|---|---|
| 005 | 20080903112333.0 | ||
| 008 | 080903t xxu||||| |||| 00| 0 hin d | ||
| 010 | _aHIN-78907 | ||
| 020 |
_a8190219510 _c150.00 |
||
| 035 | _aHN-51253 | ||
| 035 | _aB-326511 | ||
| 037 | _bD.B.Act / pub | ||
| 082 | _a954.0841 | ||
| 100 | _aरामप्रसाद "आसरे" | ||
| 245 |
_aस्वराज्य के लिए _cरामप्रसाद "आसरे" |
||
| 246 |
_aSwarajya ke liye _bRamprasad Asrey |
||
| 260 |
_aदिल्ली _bअनुज पब्लिशिंग _c2005 |
||
| 270 |
_a94, मानक विहार _bदिल्ली _e110092 |
||
| 300 |
_a136पृ _c22 सेमी (सजिल्द) |
||
| 650 | _aइतिहास | ||
| 650 | _aHistory | ||
| 942 |
_adpl _cHN _k954.0841 / रामप्र _2ddc _h954.0841 _mरामप्र |
||
| 999 |
_c987 _d987 |
||